=LDR 00000nam 2200000 4500 =001 INLIS000000000038786 =005 20130612144439 =008 ***********************************Ind** =035 ##$$0010-061300000038786 =041 ##$$a Ind =082 ##$$a 741.5 =090 ##$$a 741.5, Per h =100 ##$$a Peral =245 ##$$a Humor dokter hewan, Awan ada vaksin, Peral dan Gilson =260 ##$$a 2010 $b Jakarta =300 ##$$a 98 hlm, Ilus, 24 cm =650 ##$$a Komik Bacaan =850 ##$$a NBPNMAT